000 01438nam a2200289Ia 4500
999 _c53435
_d53435
001 20478
003 GE_BSU
005 20210103220352.0
008 181216s1990||||ge |||||||||||||| ||geo||
040 _cGE_BSU
041 _ageo
080 _a811.353.1-8(075.3) რ-21
100 _aრამიშვილი, ვალერიან
_91173
245 _aქართული ენა : გრამატიკა, მართლწერა, მეტყველება და მეტყველების განვითარება :
_bმე-3 კლ. სახელმძღვ. /
_cვალერიან რამიშვილი ; მხატვ. მ. მორჩილაძე ; რედ. ნ. ნოდია.
264 _aთბილისი :
_bგანათლება,
_c1990.
300 _a100 გვ. :
_b ილ. ;
_c21 სმ.
541 _h50 თ.
653 _aმე-3 კლასის სახელმძღვანელო
653 _aქართული ენა
653 _a გრამატიკა
653 _aმართლწერა
653 _aმეტყველება
653 _aმეტყველების განვითარება
700 _aმორჩილაძე, მ.
_eმხატვარი
_99967
700 _aნოდია, ნ.
_eრედაქტორი
_99840
942 _cBK
_2udc